Stulecie zagłady
| Titel: | Stulecie zagłady / Jerzy W. Borejsza |
|---|---|
| Verfasser: | |
| Ausgabe: | Wyd. 1. |
| Veröffentlicht: | Gdańsk [u.a.] : Wydawn. Naukowe Scholar, 2011 |
| Umfang: | 282 S. : Ill. |
| Format: | Buch |
| Sprache: | Polnisch |
| ISBN: | 9788373834774 ; 9788392975755 |
| Hinweise zum Inhalt: |
Inhaltsverzeichnis
|
alg: 23347014
001A $00030:28-03-11
001B $01999:03-06-23 $t05:37:59.000
001C $06000:29-11-12 $t18:50:48.000
001D $00030:28-03-11
001U $0utf8
001X $00
002@ $0Aau
003@ $023347014X
003O $0709559851 $aOCoLC
004A $A978-83-7383-477-4
004A $A978-83-9297-575-5
006G $01021367591
006U $012,A48 $f20120403
007A $023347014X $aHEB
007G $0DE00616EF6218DC3664FCC12578700032E4AC
007T $0Herdhh23347014X
009P $qapplication/pdf $A2 $3Inhaltsverzeichnis $uhttp://scans.hebis.de/HEBCGI/show.pl?23347014_toc.pdf $mV:DE-603;B:DE-26
010@ $apol
011@ $a2011
021A $aStulecie zagłady $hJerzy W. Borejsza
028A $#Borejsza, Jerzy Wojciech $#Borejsza, Jerzy $#Borejsza, J. W. $#Borejsza, J. $7120955091 $8Borejsza, Jerzy W.$Z1935-2019 [Tp1] $9152444203
032@ $aWyd. 1.
033A $pGdańsk {[u.a.] $nWydawn. Naukowe Scholar
034D $a282 S.
034M $aIll.
039U $8--Oox--Lehnstaedt, Stephan$Z1980- [Tp1]. Die @polnische Erinnerungskultur im 21. Jahrhundert, 2011 $9395095395
041A $#Abendland $#Okzident $74015701-5 $8Europa [Tgz] $908503617X
041A/01 $#Totalitarianism $#Totalitarisme $#Totalitarismo $#Totalitarismo $#Totalitarismus $#Totaler Staat $#Totalitärer Staat $74060491-3 $8Totalitarismus [Ts1] $9085167908
044K $#Dictators $#Dictateurs $#Dittatori $#Dictadores $74231571-2 $8Diktator [Ts1] $9086209507
045E $c940 $c320
045F $a940.5 $eDDC22ger
045F/01 $a940.5
045G $a900.94380904 $eDDC23BSB
045G/01 $a900
045G/03 $f0904
045G/03 $f0905
045G/03 $g438
045H $a909 $eDDC23BSB
045H/01 $a909
045H/03 $f0904
045H/03 $g438
045R $aGeschichte 1900-2000
046M $aLiteraturangaben
lok: 23347014 3
101B $011-05-11 $t13:23:28.000
101C $028-03-11
101U $0utf8
145S/01 $a039
exp: 23347014 3 1 #EPN
201B/01 $028-03-11 $t12:13:55.000
201C/01 $028-03-11
201U/01 $0utf8
203@/01 $0612173240
208@/01 $a28-03-11 $bzAa
209A/01 $a89.410.24 $du $f000 $h89 410 24 $x00
209G/01 $a89410240 $x00
247C/01 $8601000-3 <30>Frankfurt, Universitätsbibliothek J. C. Senckenberg, Zentralbibliothek (ZB) $9102598258
lok: 23347014 24
101B $013-09-11 $t08:52:04.000
101C $013-09-11
101U $0utf8
145Z/01 $a32 7 P
145Z/02 $a32 7 Mn
145Z/03 $a57 Italien
145Z/04 $a32 7 Od
145Z/05 $a32 7 X
145Z/06 $a32 7 Mk
exp: 23347014 24 1 #EPN
201B/01 $013-09-11 $t08:52:04.000
201C/01 $005-04-11
201U/01 $0utf8
203@/01 $0614144892
208@/01 $a13-09-11 $bz
209A/01 $a11.06832 $du $f050 $h11 06832 $x00
209C/01 $a11.06832 K $h11 06832 K
209G/01 $a72864093 $x00
220C/01 $anie
247C/01 $8358050-7 Marburg, Bibliothek des Herder-Instituts Marburg $9102600961
lok: 23347014 66
exp: 23347014 66 1 #EPN
201B/01 $018-06-12 $t15:35:54.000
201C/01 $018-06-12
201U/01 $0utf8
203@/01 $0644594179
208@/01 $a18-06-12 $bz
209A/01 $aG Bore/St $du $f000 $x00
209C/01 $a12/f615
247C/01 $8618123-5 Darmstadt, Bibliothek des Deutschen Polen-Instituts $9102600902
lok: 23347014 78
exp: 23347014 78 1 #EPN
201B/01 $019-04-17 $t21:57:04.000
201U/01 $0utf8
203@/01 $0793626013
208@/01 $a12-11-16 $be
209A/01 $a/ $f000 $x00
220C/01 $aAnmerkung: *NG
237A/01 $aweiterführende Signatur(en): Herder-Institut: 11.06832
244Z/01 $2Trx $#Poola $#Lenkija $#Polija $#Polen Land $#Poland $#Lengyelország $#Poľsko $#Polsko $8--Trx--Polska$gkraj $x01 $9391345966
244Z/01 $aGeschichte 1900-2010 $x02
244Z/01 $2Trx $#totalitarism $#totalitarizmas $#totalitarianism $#totalitarizmus $#totalitaryzm $#totalitarizmus $#totalitarismus $#Diktaturen $#dyktatury $#diktatúry $#diktatury $8--Trx--Totalitarismus $x03 $9391354760
244Z/01 $2Trx $#dzieło zbiorowe $8--Trx--Sammelwerk $x04 $9391384597
245Z/01 $a06.04.01;01.03 $x01
247C/01 $82080>Marburg/Lahn, Herder-Institut, Forschungsbibliothek, Bibliographieportal $9336309341
lok: 23347014 204
exp: 23347014 204 1 #EPN
201B/01 $008-02-12 $t14:10:42.000
201C/01 $009-12-11
201U/01 $0utf8
203@/01 $0635040689
208@/01 $a09-12-11 $bzUB
209A/01 $aFH his Fn 4.22 $du $f000 $hfh his fn 4 22 $x00
209G/01 $a61107762 $x00
245S/01 $a10200 $x01
247C/01 $8631000-x <26>Gießen, Universität Gießen, Universitätsbibliothek Gießen $9102596697
| LEADER | 00000cam a2200000 c 4500 | ||
|---|---|---|---|
| 001 | 23347014X | ||
| 003 | DE-603 | ||
| 005 | 20230603053759.0 | ||
| 007 | tu | ||
| 008 | 110328s2011 xx |||| | u00||u|pol | ||
| 015 | |a 12,A48 |2 dnb | ||
| 016 | 7 | |2 DE-101 |a 1021367591 | |
| 020 | |a 9788373834774 | ||
| 020 | |a 9788392975755 | ||
| 035 | |a (DE-599)HEB23347014X | ||
| 035 | |a (OCoLC)709559851 | ||
| 040 | |a DE-603 |b ger |c DE-603 |d DE-603 | ||
| 041 | |a pol | ||
| 082 | 0 | 4 | |8 1\u |a 940.5 |q DE-101 |2 22/ger |
| 083 | 0 | |8 2\u |a 900.94380904 |q DE-101 |2 23/BSB | |
| 083 | 0 | |8 3\u |a 909 |q DE-101 |2 23/BSB | |
| 084 | |a 940 |a 320 |q DE-101 |2 sdnb | ||
| 085 | |8 1\u |b 940.5 | ||
| 085 | |8 2\u |b 900 | ||
| 085 | |8 2\u |z 1 |s 0904 | ||
| 085 | |8 2\u |z 1 |s 0905 | ||
| 085 | |8 2\u |z 2 |s 438 | ||
| 085 | |8 3\u |b 909 | ||
| 085 | |8 3\u |z 1 |s 0904 | ||
| 085 | |8 3\u |z 2 |s 438 | ||
| 100 | 1 | |a Borejsza, Jerzy W. |d 1935-2019 |0 (DE-603)152444203 |0 (DE-588)120955091 |2 gnd | |
| 245 | 0 | 0 | |a Stulecie zagłady |c Jerzy W. Borejsza |
| 250 | |a Wyd. 1. | ||
| 264 | 1 | |a Gdańsk [u.a.] |b Wydawn. Naukowe Scholar |c 2011 | |
| 300 | |a 282 S. |b Ill. | ||
| 504 | |a Literaturangaben | ||
| 648 | 7 | |a Geschichte 1900-2000 |2 gnd | |
| 650 | 7 | |a Totalitarismus |0 (DE-588)4060491-3 |0 (DE-603)085167908 |2 gnd | |
| 650 | 7 | |a Diktator |0 (DE-588)4231571-2 |0 (DE-603)086209507 |2 gnd | |
| 651 | 7 | |a Europa |0 (DE-588)4015701-5 |0 (DE-603)08503617X |2 gnd | |
| 787 | 0 | 8 | |i Rezensiert in |a Lehnstaedt, Stephan, 1980- |t Die polnische Erinnerungskultur im 21. Jahrhundert |w (DE-603)395095395 |
| 856 | 4 | 2 | |m V:DE-603;B:DE-26 |q application/pdf |u http://scans.hebis.de/HEBCGI/show.pl?23347014_toc.pdf |3 Inhaltsverzeichnis |
| 924 | 0 | |9 30 |a (DE-603)612173240 |b DE-30 |c HES |d c |g 89.410.24 | |
| 924 | 0 | |9 Mb 50 |a (DE-603)614144892 |b DE-Mb50 |c HES |d c |g 11.06832 | |
| 924 | 0 | |9 Ds 123 |a (DE-603)644594179 |b DE-Ds123 |c HES |d d |g G Bore/St | |
| 924 | 0 | |9 2080 |a (DE-603)793626013 |b DE-2080 |c HES |d d |g / | |
| 924 | 0 | |9 26 |a (DE-603)635040689 |b DE-26 |c HES |d c |g FH his Fn 4.22 | |


